00818caa a22001332a 4500001000900000003001100009008004300020100004000063245008100103300001100184500016700195773016000362773016200522 015061 AR-FADEU 311216n########xxu####################dd aGonzález Lara, Presbitero Ramón aAl ilustre restaurador de las leyes, en ocasión de salvar su preciosa vida aPP. 60 aEn: La época de Rosas : M. Sastre, J. B. Alberdi, E. Echeverría : antología / comp. Félix Weinberg. Buenos Aires : Centro Editor de América Latina, 19790 06630aWeinberg, Félix, comp.bdBuenos Aireso19tLa época de Rosas : M. Sastre, J. B. Alberdi, E. Echeverría : antologíaw( AR-FADEU) 000790xz0 06630aWeinberg, Félix, comp.bdBuenos Aireso8610tLa época de Rosas : M. Sastre, J. B. Alberdi, E. Echeverría : antologíaw( AR-FADEU) 000790xz